[Event "RUS-Cup06"]
[Site "Tomsk"]
[Date "2001.07.07"]
[Round "8"]
[White "Ubiennykh, Ekaterina"]
[Black "Bragin, Alexander"]
[Result "1-0"]
[WhiteElo "2244"]
[BlackElo "2374"]
[PlyCount "63"]
[EventDate "2001.06.30"]
[EventType "swiss"]
[EventRounds "9"]
[EventCountry "RUS"]
[SourceTitle "CBM 083 Extra"]
[Source "ChessBase"]
[SourceDate "2001.09.11"]
[SourceVersion "1"]
[SourceVersionDate "2001.09.11"]
[SourceQuality "1"]

1. e4 c5 2. Nf3 e6 3. d4 cxd4 4. Nxd4 Nf6 5. Nc3 d6 6. Bc4 a6 7. Bb3 b5 8. 0-0 Bb7 9. Bg5 Nc6 10. Nxc6 Bxc6 11. f3 Be7 12. Ne2 h6 13. Be3 d5 14. Nd4 Bb7 15. e5 Nd7 16. f4 Nc5 17. Qg4 0-0 18. f5 Bg5 19. Bf2 Ne4 20. Rae1 exf5 21. Nxf5 Bc8 22. Rxe4 Bxf5 23. Qxf5 dxe4 24. Qxe4 Qd2 25. Bc5 Rfd8 26. Bxf7+ Kh8 27. h4 Rac8 28. hxg5 Rxc5 29. e6 Rd4 30. Bg6 Rc8 31. e7 Rxe4 32. Rf8+ 1-0

[Event "RUS-Cup06"]
[Site "Tomsk"]
[Date "2001.07.05"]
[Round "6"]
[White "Vlassov, Nikolai"]
[Black "Bragin, Alexander"]
[Result "1-0"]
[WhiteElo "2467"]
[BlackElo "2374"]
[PlyCount "105"]
[EventDate "2001.06.30"]
[EventType "swiss"]
[EventRounds "9"]
[EventCountry "RUS"]
[SourceTitle "CBM 083 Extra"]
[Source "ChessBase"]
[SourceDate "2001.09.11"]
[SourceVersion "1"]
[SourceVersionDate "2001.09.11"]
[SourceQuality "1"]

1. e4 c5 2. c3 d5 3. exd5 Qxd5 4. d4 Nf6 5. Nf3 e6 6. Be3 Ng4 7. Bd3 Nxe3 8. fxe3 Be7 9. Qc2 Nc6 10. 0-0 h6 11. Nbd2 0-0 12. Rf2 Bd7 13. Raf1 Rac8 14. Bh7+ Kh8 15. Be4 Qh5 16. Nc4 cxd4 17. exd4 f5 18. Bd3 b5 19. Nce5 Nb4 20. Qb3 Nxd3 21. Nxd3 Bd6 22. Nfe5 Qe8 23. Re1 Rf6 24. Rfe2 b4 25. Nxd7 Qxd7 26. Rxe6 bxc3 27. Rxf6 gxf6 28. bxc3 Qc7 29. Qe6 Bxh2+ 30. Kh1 Rf8 31. Qxf5 Bd6 32. Qg6 Qg7 33. Qxg7+ Kxg7 34. c4 Rd8 35. d5 Kg6 36. c5 Bxc5 37. Nxc5 Rxd5 38. Nb3 Kf5 39. Re7 Kf4 40. Kh2 Rd6 41. Rxa7 f5 42. Rb7 Ra6 43. Rb4+ Ke3 44. a4 f4 45. a5 h5 46. Rb6 Ra8 47. a6 h4 48. Nc5 h3 49. Kxh3 Rh8+ 50. Kg4 Rg8+ 51. Kf5 Rxg2 52. a7 Ra2 53. Na6 1-0

[Event "RUS-Cup06"]
[Site "Tomsk"]
[Date "2001.07.04"]
[Round "5"]
[White "Bragin, Alexander"]
[Black "Kurganov, Dmitry"]
[Result "1-0"]
[WhiteElo "2374"]
[BlackElo "2089"]
[PlyCount "89"]
[EventDate "2001.06.30"]
[EventType "swiss"]
[EventRounds "9"]
[EventCountry "RUS"]
[SourceTitle "CBM 083 Extra"]
[Source "ChessBase"]
[SourceDate "2001.09.11"]
[SourceVersion "1"]
[SourceVersionDate "2001.09.11"]
[SourceQuality "1"]

1. d4 Nf6 2. c4 g6 3. Nc3 Bg7 4. e4 d6 5. f3 0-0 6. Be3 e5 7. d5 c5 8. Bd3 a6 9. Nge2 Nbd7 10. Qd2 Rb8 11. 0-0 Ne8 12. a3 f5 13. exf5 gxf5 14. b4 b6 15. Rab1 Qc7 16. Qc2 cxb4 17. axb4 Ndf6 18. Bf2 Kh8 19. Ng3 Bh6 20. c5 bxc5 21. bxc5 Rxb1 22. Rxb1 dxc5 23. Nxf5 Bxf5 24. Bxf5 Nd6 25. Be6 Nh5 26. Qe2 Nf4 27. Qxa6 Qg7 28. Bg3 Nxe6 29. Qxd6 Nf4 30. Qxc5 Qg6 31. Ne4 Ne2+ 32. Kf2 Nxg3 33. hxg3 Qa6 34. Qb6 Qa2+ 35. Kg1 Be3+ 36. Qxe3 Qxb1+ 37. Kh2 Qb7 38. d6 Qg7 39. Qd2 Rd8 40. g4 Qf8 41. Kg3 Qg7 42. Qa5 Qf8 43. Qxe5+ Qg7 44. Nf6 h6 45. d7 1-0

[Event "Voronezh op 5th"]
[Site "Voronezh"]
[Date "2001.06.20"]
[Round "8"]
[White "Bragin, Alexander"]
[Black "Alavkin, Arseny Nailievich"]
[Result "0-1"]
[WhiteElo "2374"]
[BlackElo "2466"]
[PlyCount "66"]
[EventDate "2001.06.12"]
[EventType "swiss"]
[EventRounds "9"]
[EventCountry "RUS"]
[SourceTitle "EXT 2002"]
[Source "ChessBase"]
[SourceDate "2001.11.25"]
[SourceVersion "1"]
[SourceVersionDate "2001.11.25"]
[SourceQuality "1"]

1. e4 e6 2. d4 d5 3. Nc3 Nf6 4. e5 Nfd7 5. f4 c5 6. Nf3 Nc6 7. Be3 a6 8. Qd2 b5 9. dxc5 Bxc5 10. Bxc5 Nxc5 11. Bd3 b4 12. Ne2 Qb6 13. Ned4 Nxd4 14. Nxd4 Nxd3+ 15. Qxd3 Bd7 16. 0-0-0 0-0 17. Kb1 f6 18. exf6 Rxf6 19. g3 Raf8 20. h4 a5 21. h5 Be8 22. Rde1 a4 23. Re5 a3 24. b3 Bf7 25. Qe3 Kh8 26. Re1 Qc7 27. Qd2 Qc5 28. R5e3 Bg8 29. c3 Rb8 30. cxb4 Rxb4 31. Nxe6 Qb6 32. Qxd5 Rxe6 33. Qxe6 Qd4 0-1